Tratado de los derechos reales. Bienes.

Uloženo v:
Podrobná bibliografie
Hlavní autor: Alessandri Rodríguez, Arturo (autor)
Další autoři: Somarriva Undurraga, Manuel (autor), Vodanovic Haklicka, Antonio (autor)
Médium: Kniha
Jazyk:španělština
Vydáno: Santiago, Chile: Jurídica, 1997
Vydání:Sexta edición.
Témata:
Tagy: Přidat tag
Žádné tagy, Buďte první, kdo vytvoří štítek k tomuto záznamu!

MARC

LEADER 00000nam a2200000 a 4500
001 UCR3007
003 CL-VaPUC
005 20250416093601.0
008 980123e20010000CL |||||||||||||||||spa|d
999 |c 266123  |d 266121 
020 |a 9583503266 
020 |a 9583503274t.I 
020 |a 9583503282t.II 
040 |c Pontificia Universidad Católica de Valparaíso 
082 0 4 |a 346.04 ALE 2001  |2 21 
100 1 |a Alessandri Rodríguez, Arturo  |e autor  |9 605353 
245 1 0 |a Tratado de los derechos reales.  |b Bienes. 
250 |a Sexta edición. 
260 |a Santiago, Chile:  |b Jurídica,  |c 1997 
300 |a 2 tomos. 
505 |a t.I: -Capítulo I. De los Derechos Reales en General. -Capítulo II. De la Propiedad. -Capítulo III. La Copropiedad. -Capítulo IV. De los modos de adquirir el dominio en general -Capítulo V. De la Ocupación. -Capítulo VI. De la Accesión. -Capítulo VII. De la Tradición. -Capítulo VIII. Propiedades Especiales. -Capítulo IX. Derechos Privados sobre Bienes Nacionales. -Capítulo X. Derechos sobre Bienes Inmateriales. -Capítulo XI. La Posesión. t.II: -Capítulo XII. La Prescripción Adquisitiva. -Capítulo XIII. De los Derechos Reales Limitados y de las Limitaciones del Dominio. -Capítulo XIV. La Propiedad Fiduciaria. -Capítulo XV. Del Usufructo. -Capítulo XVI. De los Derechos de Uso y de Habitación. -Capítulo XVII. De las Servidumbres. -Capítulo XVIII. Existencia de otros Derechos Reales. -Capítulo XIX. La Reivindicación. -Capítulo XX. Las Acciones Posesorias.  |g I 
583 |a last modification  |c 19980123 00:00:00  |k Rodrigo Vera 
650 1 |a Derecho de propiedad   |x Derechos reales   |x Bienes   |z Chile  |9 902130 
700 0 |a Somarriva Undurraga, Manuel  |e autor  |9 902131 
700 0 |a Vodanovic Haklicka, Antonio  |e autor  |9 902132 
942 |c BK  |2 ddc 
945 |d 19980123 00:00:00  |a jquezada 
952 |0 0  |1 0  |4 0  |6 346_040000000000000_ALE_1997  |7 0  |8 A  |9 297457  |a BIBDER  |b BIBDER  |d 2019-11-20  |h t.I  |i 3385981  |o 346.04 ALE 1997  |p 3385981  |r 2023-01-25  |w 2019-11-20  |y BK  |k DER 
952 |0 0  |1 0  |4 0  |6 346_040000000000000_ALE_1997  |7 0  |8 A  |9 297458  |a BIBDER  |b BIBDER  |d 2019-11-20  |h t.II  |i 338599K  |o 346.04 ALE 1997  |p 338599K  |r 2023-01-25  |w 2019-11-20  |y BK  |k DER 
952 |0 0  |1 0  |4 0  |6 346_040000000000000_ALE_1997  |7 0  |8 A  |9 297459  |a BIBDER  |b BIBDER  |d 2019-11-20  |h t.I  |i 3532925  |o 346.04 ALE 1997  |p 3532925  |r 2023-01-25  |w 2019-11-20  |y BK  |k DER 
952 |0 0  |1 0  |4 0  |6 346_040000000000000_ALE_1997  |7 0  |8 A  |9 297460  |a BIBDER  |b BIBDER  |d 2019-11-20  |h t.I  |i 3532933  |o 346.04 ALE 1997  |p 3532933  |r 2023-01-25  |w 2019-11-20  |y BK  |k DER 
952 |0 0  |1 0  |4 0  |6 346_040000000000000_ALE_1997  |7 0  |8 A  |9 297461  |a BIBDER  |b BIBDER  |d 2019-11-20  |h t.II  |i 3532941  |o 346.04 ALE 1997  |p 3532941  |r 2023-01-25  |w 2019-11-20  |y BK  |k DER 
952 |0 0  |1 0  |4 0  |6 346_040000000000000_ALE_1997  |7 0  |8 A  |9 297462  |a BIBDER  |b BIBDER  |d 2019-11-20  |h t.II  |i 353295K  |o 346.04 ALE 1997  |p 353295K  |r 2023-01-25  |w 2019-11-20  |y BK  |k DER